000 00586nam a2200181Ia 4500
008 100921s9999 xx 000 0 und d
082 _b40039
_a891.463 न 05
100 _aगोगटे मंदाकिनी.
245 _aदिपाली.
260 _bपार्टनर प्रकाशन, मुंबई.
_c2005
300 _a174
_bजयेश एजन्सी,पुणे.
365 _b165
520 _aललित-कथा.
630 _aदिपाली.
650 _aललित-कथा.
730 _aदिपाली.
942 _cBOOK
999 _c789152
_d789149